Loading...
| Literature - American | 0 | 11 | 0 | 1 | 110 | 32 | 105.45 | 2 | 6 | 0.00 | 0.00 |
| Fine Arts - Classical Music | 0 | 11 | 2 | 0 | 100 | 35 | 78.82 | 3 | 7 | 0.00 | 0.00 |
| Literature - World | 0 | 8 | 1 | 0 | 75 | 46 | 78.13 | 3 | 6 | 0.00 | 0.00 |
| Fine Arts - Other | 0 | 7 | 1 | 1 | 65 | 52 | 101.29 | 0 | 0 | 0.00 | 0.00 |
| Literature - British | 0 | 6 | 1 | 1 | 55 | 108 | 129.00 | 0 | 1 | 0.00 | 0.00 |
| Fine Arts - Painting & Sculpture | 0 | 5 | 0 | 0 | 50 | 47 | 93.40 | 1 | 3 | 0.00 | 0.00 |
| Literature - European | 0 | 5 | 1 | 1 | 45 | 57 | 96.40 | 2 | 4 | 0.00 | 0.00 |
| Religion | 0 | 4 | 1 | 1 | 35 | 103 | 130.00 | 0 | 0 | 0.00 | 0.00 |
| Mythology | 0 | 3 | 0 | 1 | 30 | 113 | 128.33 | 0 | 0 | 0.00 | 0.00 |
| Social Science | 0 | 1 | 0 | 1 | 10 | 146 | 146.00 | 0 | 0 | 0.00 | 0.00 |
| History - American | 0 | 1 | 0 | 0 | 10 | 81 | 81.00 | 0 | 1 | 0.00 | 0.00 |
| History - Other | 0 | 1 | 0 | 0 | 10 | 90 | 90.00 | 0 | 0 | 0.00 | 0.00 |
| Philosophy | 0 | 1 | 0 | 0 | 10 | 108 | 108.00 | 0 | 0 | 0.00 | 0.00 |
| Geography | 0 | 1 | 1 | 1 | 5 | 153 | 153.00 | 0 | 0 | 0.00 | 0.00 |
| Current Events | 0 | 0 | 1 | 0 | -5 | 0.00 | 0 | 0 | 0.00 | 0.00 | |
| History - World | 0 | 0 | 1 | 0 | -5 | 0.00 | 0 | 0 | 0.00 | 0.00 |